000 00603cam a2200217 4500500
005 20260405002159.0
041 _afre
042 _adc
100 1 0 _aLacroix, Alexandre
_eauthor
245 0 0 _aRequiem pour les brutes
260 _c2016.
500 _a31
690 _aBiologie
690 _aCombat
690 _aÉconomie
690 _aFaiblesse
690 _aForce
690 _aFragilité
786 0 _nPhilosophie magazine | 98 | 4 | 2016-04-01 | p. 37-40 | 1951-1787
856 4 1 _uhttps://shs.cairn.info/magazine-philosophie-magazine-2016-4-page-37?lang=fr&redirect-ssocas=7080
999 _c2055129
_d2055129